Anh em nhà Caramazov

Na minha lista:
Detalhes bibliográficos
Formato: Livro
Publicado em: 2007
Tags: Adicionar Tag
Sem tags, seja o primeiro a adicionar uma tag!
Thư viện lưu trữ: Mạng thư viện Đại học Đà Nẵng
LEADER 00433nam a22001811a 4500
001 000040795
003 17090
005 20160412023358.0
008 160412s2007 000
082 |a N23193-94 
245 |a Anh em nhà Caramazov  |c Flodordox Toevxki 
260 |c 2007 
OWN |a LNN 
999 |a From the UDN01 
TYP |a Monograph 
980 |a Mạng thư viện Đại học Đà Nẵng